000 01193cam a2200337 a 4500
003 OSt
005 20180829164259.0
008 991018m20009999wau bf 001 0 eng c
020 _a9780819477606
040 _aDNLM/DLC
_cDLC
_dNLM
_dWSU
_beng
042 _apcc
050 0 0 _aRC78.7.D53
_bH36 2000
060 1 0 _aWN 39
_bH2363 2000
082 0 0 _a616.0754
_221
_bSMH
100 _a Sonka,Milan
_964469
245 0 0 _aHandbook of medical imaging /
_cJ. Michael Fitzpatrick and Milan Sonka
246 3 0 _aMedical imaging
260 _aBellingham, Wash. :
_bSPIE Press,
_cc2000-
300 _av. <1-2 > :
_bill. ;
_c26 cm
504 _aIncludes bibliographical references and index
505 1 _av. 1. Physics and psychophysics -- v. 2. Medical image processing and analysis --
650 0 _aDiagnostic imaging
_vHandbooks, manuals, etc
_964470
650 0 _aImaging systems in medicine
_vHandbooks, manuals, etc
_964471
650 2 _aDiagnostic Imaging
_964472
650 2 _aHealth Physics
_956336
650 2 _aImage Processing, Computer-Assisted
_964473
650 2 _aPsychophysics
_964474
650 2 _aTechnology, Radiologic
_913225
700 1 _aBeutel, Jacob
_964475
942 _cBOOK
999 _c42660
_d312280